00345nam a2200133Ia 4500008004100000020001500041041001200056082001100068100001700079245006300096260003000159300000800189650001400197221030s9999 xx 000 0 und d a8172246501 aEnglish a105.23 aJ. M. Zurada 0aIntroduction to Artificial Neural Systemscby J. M. Zurada bJaico Pub.aMumbaic2010 a683 aComputers